| 000 | 00744nam a22002057a 4500 | ||
|---|---|---|---|
| 005 | 20180305145246.0 | ||
| 010 | _aB-689635 | ||
| 020 |
_a9788190583329 _c4500.00 |
||
| 035 | _aB-689635 | ||
| 037 |
_adpl _bAakar |
||
| 082 | _a954.16 | ||
| 100 | _aAkhtar,Susmita S. | ||
| 245 |
_aForgotten Dilli: _cby Sasmita S. Akhtar and Shamim Akhtar _bportrait of an immortal city/ |
||
| 260 |
_aNew Delhi _bNishcam Publication _c2010 |
||
| 270 |
_a19, third Floor, Hauz Khas Village _bNew Delhi _e110016 |
||
| 300 |
_a183p _c40cm(Hb) _bCol.ill |
||
| 700 | _aAkhtar, Shamim | ||
| 942 |
_2ddc _cEN _mAKH _h954.16 |
||
| 999 |
_c150238 _d150238 |
||